| 000 | 02425cam a22005057a 4500 | ||
|---|---|---|---|
| 003 | CHAP | ||
| 005 | 20220329140958.0 | ||
| 008 | 971013s r 00010 d | ||
| 010 | _a60830 | ||
| 011 | _a61802 | ||
| 035 | _a65970 | ||
| 040 | _cCHAP | ||
| 082 |
_a595.745 _bF5 |
||
| 100 | 0 | 0 |
_aFlint, Oliver S., Jr. _941290 |
| 245 | 1 | 0 | _aStudies of neotropical caddisflies |
| 260 |
_aWashington : _bSmithsonian Institution, _c19 - |
||
| 300 |
_av. : _bilus. |
||
| 490 | 0 | _aSmithsonian contributions to zoology | |
| 500 | _aLa biblioteca tiene : v.10 Leucotrichia and related genera from North and Central America (Trichoptera : Hydroptilidae) -- v.13 The genus Ochrotrichia from Mexico and Central América (Trichoiptera : Hydroptilidae) -- v.17 The genus Smicridea from North -- v.51 Systemataics of the neotropical Caddisfly Genus Contulma (Trichoptera : Anomalopsychidae) | ||
| 590 |
_aBATCH-UPD _b10 _c20130110 _lUCH01 _h0354 |
||
| 590 |
_aBATCH-UPD _b10 _c20130110 _lUCH01 _h2026 |
||
| 590 |
_aBATCH-UPD _b10 _c20130410 _lUCH01 _h1616 |
||
| 590 |
_aBATCH-UPD _b10 _c20130914 _lUCH01 _h1043 |
||
| 590 |
_aCONVERSION _b10 _c20130109 _lUCH01 _h1333 |
||
| 650 | 1 | 4 |
_aContulma. _927611 |
| 650 | 1 | 4 |
_aEntomología sistemática. _937154 |
| 650 | 1 | 4 |
_aTricopteros. _9114939 |
| 700 | 0 |
_aHolzenthal, Ralph W. _956032 |
|
| 700 | 0 |
_aMc Alpine, J. Frank. _973333 |
|
| 700 | 0 |
_aRoss, Herbert Holdsworth. _9100179 |
|
| 830 | 0 |
_aSmithsonian contributions to zoology _9107173 |
|
| 901 | _aBK | ||
| 942 | _cLIBRO | ||
| 949 |
_a595.745 F5 _bBC _cLIBRO _d33724000369856 _eLIBRO _fv.13 _h60392 _i65970 _si |
||
| 949 |
_a595.745 F5 _bBC _cLIBRO _d33724000369864 _eLIBRO _fv.10 _h60393 _i65970 _si |
||
| 949 |
_a595.745 F5 _bBC _cLIBRO _d33724000369872 _eLIBRO _fv.17 _h60395 _i65970 _si |
||
| 949 |
_a595.745 F5 _bBC _cLIBRO _d33724000369880 _eLIBRO _fv.18 _h60394 _i65970 _si |
||
| 949 |
_a595.745 F5 _bBC _cLIBRO _d33724000369898 _eLIBRO _fv.33 _h60443 _i65970 _si |
||
| 949 |
_a595.745 F5 _bBC _cLIBRO _d33724000369906 _eLIBRO _fv.45 _h81410 _i65970 _si |
||
| 949 |
_a595.745 F5 _bBC _cLIBRO _d33724000369914 _eLIBRO _fv.39 _h80729 _i65970 _si |
||
| 949 |
_a595.745 F5 _bBC _cLIBRO _d33724000369955 _eLIBRO _fv.28 _h54731 _i65970 _si |
||
| 949 |
_a595.745 F5 _bBC _cLIBRO _d33724000369963 _eLIBRO _fv.30 _h58224 _i65970 _si |
||
| 949 |
_a595.745 F5 _bBC _cLIBRO _d33724000713533 _eLIBRO _fv.53 _h94761 _i65970 _sb |
||
| 949 |
_a595.745 F5 _bBC _cLIBRO _d33724000800355 _eLIBRO _fv.51 _h97992 _i65970 _st |
||
| 999 |
_c60830 _d60830 |
||